00838cam a2200253 i 4500001001000000003000900010005001700019007000300036008004100039020001500080040003100095041000800126082002100134245013700155264004000292300002100332500004100353650001600394650002200410700005400432700003500486700003600521710002700557000001394DO-SdBNP20260318092433.0ta810109s1979 sp b 001 0 spa  a8437601932 aDO-SdBNPbspacBNPHU erda aspa 4a302.2bS741c22200aSemiótica de la cultura /cJurij M. Lotman ; introducción, selección y notas de Jorge Lozano ; traducción de, Nieves Mendez. 1aMadrid :bEdiciones Catedra,c1979. a245 p. ;c22 cm. aIncluye referencias bibliográficas 4aSemiótica 7aCultura2LIBRUNAM1 aLotman, IU. M.q(IUrii Mikhailovich),d1922-1993.1 aLozano, Jorge.eintroducción1 aMendez, Nieves,etraductor4tr.2 aTartu Riiklik Ulikool.